• 首页
  • 本馆介绍
  • 公告通知
  • 最新文献
  • 馆藏检索
  • 电子资源
  • 读者导购
  • 参考咨询
  • 我的图书馆
  • 登录
  • 详细信息显示
  • 放入我的书架
  • 预约/预借图书
  • 作者相关作品
  • 分类相关作品
  • 丛书相关作品
  • 出版社相关作品

书目信息

  • 表格格式
  • 工作单格式
  • 卡片格式
题名:
中国网络社会研究报告
    
 
作者: 刘少杰 主编
分册: 2020   新冠肺炎疫情防控专题
出版信息: 北京   中国人民大学出版社  2021
页数: 182页
开本: 26cm
丛书名:
单 册:
中图分类: D669.4 , R512.93
科图分类:
主题词: 计算机网络--社会问题--研究报告--中国--2020 , 新型冠状病毒肺炎--防治--研究--中国
电子资源:
ISBN: 978-7-300-30049-8
000 01343nam0 2200289 450
001 012024000083
005 20240924225023.0
010    @a978-7-300-30049-8@dCNY42.00
100    @a20240924d2021 em y0chiy50 ea
101 0  @achi
102    @aCN@b110000
105    @ay z 000yy
106    @ar
200 1  @a中国网络社会研究报告@Azhong guo wang luo she hui yan jiu bao gao@h2020@i新冠肺炎疫情防控专题@dStudy report of internet society in China@h2020@iIssue of COVID-19 prevention and control@f刘少杰主编@zeng
210    @a北京@c中国人民大学出版社@d2021
215    @a182页@d26cm
300    @a中国人民大学研究报告系列
300    @a中央高校基本科研业务费专项资金资助 教育部文科重点研究基地重大项目“中国网络社会的现实基础、本土特色与运行模式研究”的阶段性成果
330    @a本书分为疫情防控的理论思考、疫情防控的案例分析两篇,内容包括:疫情心态网络化的不确定风险与应对策略调查研究报告、新冠肺炎疫情防控的
510 1  @aStudy report of internet society in China@h2020@iIssue of COVID-19 prevention and control@zeng
606 0  @a计算机网络@x社会问题@x研究报告@y中国@z2020
606 0  @a新型冠状病毒肺炎@x防治@x研究@y中国
690    @aD669.4@v5
690    @aR512.93@v5
701  0 @a刘少杰@Aliu shao jie@f(1953~)@4主编
801  0 @aCN@bAHXH@c20240924
905    @b214132883@b214132892@b214132909@b214132918@b214132927@dD669.4@e295@f5
    
    中国网络社会研究报告.2020.新冠肺炎疫情防控专题=Study report of internet society in China.2020.Issue of COVID-19 prevention and control/刘少杰主编.-北京:中国人民大学出版社,2021
    182页;26cm
    中国人民大学研究报告系列.-中央高校基本科研业务费专项资金资助 教育部文科重点研究基地重大项目“中国网络社会的现实基础、本土特色与运行模式研究”的阶段性成果
    
    ISBN 978-7-300-30049-8:CNY42.00
    本书分为疫情防控的理论思考、疫情防控的案例分析两篇,内容包括:疫情心态网络化的不确定风险与应对策略调查研究报告、新冠肺炎疫情防控的
●
相关链接 在E读中查询图书 在五车中查询图书 在当当中查询图书 在豆瓣中查询图书


正题名:中国网络社会研究报告     索取号:D669.4/295         预约/预借

序号 登录号 条形码 馆藏地/架位号 状态 备注
1 1413288   214132883   第一样本阅览室/ [索取号:D669.4/295] 在馆    
2 1413289   214132892   第一借阅区/ [索取号:D669.4/295] 在馆    
3 1413290   214132909   第一借阅区/ [索取号:D669.4/295] 在馆    
4 1413291   214132918   第一借阅区/ [索取号:D669.4/295] 在馆    
5 1413292   214132927   第一借阅区/ [索取号:D669.4/295] 在馆    
唐山师范学院图书馆 欢迎您!
大连网信软件有限公司© 版权所有